| 000 | 01781cam a2200169 4500500 | ||
|---|---|---|---|
| 005 | 20260322011249.0 | ||
| 041 | _afre | ||
| 042 | _adc | ||
| 100 | 1 | 0 |
_aYamamoto, Ken _eauthor |
| 245 | 0 | 0 | _aKarl Barth, Esquisse d’une dogmatique. Traduction de Fernand Ryser et Édouard Mauris. Introduction de Hans-Christoph Askani et Christophe Chalamet, Genève, Labor et Fides, coll. « Œuvres », 20195 (1950). 23 cm. 206 p. ISBN 978-2-8309-1676-8. € 19 |
| 260 | _c2021. | ||
| 500 | _a51 | ||
| 520 | _aLes deux versets de Mt 13,45-46 sont communément désignés comme « parabole de la perle ». Pourtant, Bruno Planty le souligne, c’est bien un marchand, un emporos, que Matthieu met en comparaison avec le Royaume des cieux, non une perle. Celle-ci reste un élément subordonné qui se manifeste à travers la conscience qui l’a trouvée : c’est cette conscience qui habite la parabole. Elle ne s’éveille pas sous le coup d’une révélation extraordinaire, mais s’inscrit dans ce mouvement de reprise magistralement décrit par Kierkegaard. | ||
| 520 | _aThe two verses of Mt 13:45-46 are commonly referred to as the “parable of the pearl”. Yet it is indeed a merchant, an emporos, that Matthew compares with the Kingdom of Heaven, not a pearl. This remains a subordinate element which manifests itself through the consciousness which has found it: it is this consciousness which inhabits the parable. It does not wake up to an extraordinary revelation, but is part of this repetition masterfully described by Kierkegaard. | ||
| 786 | 0 | _nÉtudes théologiques et religieuses | 95 | 4 | 2021-01-04 | p. 701l-714l | 0014-2239 | |
| 856 | 4 | 1 | _uhttps://shs.cairn.info/revue-etudes-theologiques-et-religieuses-2020-4-page-701l?lang=fr&redirect-ssocas=7080 |
| 999 |
_c1763548 _d1763548 |
||